| 000 | 00574nam a2200229Ia 4500 | ||
|---|---|---|---|
| 008 | 160517s9999 xx 000 0 und d | ||
| 020 | _a0-07-225878-0 | ||
| 050 | _aComSc TK 5105.75 | ||
| 050 | _b.L66 2005 | ||
| 100 | _aLong, Larry. | ||
| 245 | _aHome networking demystified : | ||
| 245 | _ba self-teaching guide / | ||
| 245 | _cLarry Long. | ||
| 260 | _aNew York : | ||
| 260 | _bMcGraw-Hill/Osborne., | ||
| 260 | _c2005 | ||
| 300 | _a309 pages : | ||
| 300 | _bill. ; | ||
| 300 | _c23 cm. | ||
| 500 | _aIncludes index. | ||
| 650 | _aHome computer networks. | ||
| 999 |
_c294185 _d294185 |
||